[Event "Schachklub Gau-Algesheim-SV Muldental W"]
[Site "Bingen"]
[Date "2008.12.27"]
[Round "1.3"]
[White "Schuffenhauer, Robert"]
[Black "Michel, Pascal"]
[Result "1-0"]
[WhiteElo "1633"]
[BlackElo "1390"]
[PlyCount "61"]
[EventDate "2008.??.??"]

1. d4 Nf6 2. c4 g6 3. Nc3 Bg7 4. e4 d6 5. f4 O-O 6. Nf3 Nbd7 7. Bd3 e5 8. fxe5
dxe5 9. d5 Nc5 10. Bc2 Nh5 11. Be3 b6 12. O-O f5 13. b4 Nb7 14. Bg5 Qd6 15. a3
a6 16. Be3 Qe7 17. Bb3 fxe4 18. Nxe4 Bf5 19. c5 Kh8 20. d6 cxd6 21. cxd6 Qd8
22. Bd5 Rb8 23. Bg5 Bf6 24. Nxf6 Nxf6 25. Bxb7 Rxb7 26. Nxe5 Qe8 27. Re1 Nd7
28. Nxd7 Qxd7 29. Re7 Qc8 30. Qd4+ Kg8 31. Qg7# 1-0

[Event "Schachklub Gau-Algesheim-SV Muldental W"]
[Site "Bingen"]
[Date "2008.12.27"]
[Round "1.4"]
[White "Grieb, Tobias"]
[Black "Schlemmer, Martin"]
[Result "0-1"]
[WhiteElo "1315"]
[BlackElo "1436"]
[PlyCount "87"]
[EventDate "2008.??.??"]

1. e4 e5 2. Nf3 Nc6 3. Bb5 a6 4. Ba4 Nf6 5. Nc3 b5 6. Bb3 Be7 7. a3 d6 8. d4
Bg4 9. dxe5 Nxe5 10. Bg5 O-O 11. Qe2 Nxf3+ 12. gxf3 Be6 13. Bxe6 fxe6 14. Rg1
Nh5 15. Qe3 Bxg5 16. Rxg5 Rxf3 17. Rxg7+ Nxg7 18. Qxf3 Qh4 19. Qg3 Qxg3 20.
fxg3 Rf8 21. b4 Rf3 22. Kd2 Rf2+ 23. Ne2 Rxh2 24. a4 Rh5 25. axb5 Rxb5 26. c3
Rb6 27. Ke3 e5 28. Kd3 Ne6 29. Ke3 c5 30. b5 axb5 31. Ra8+ Kf7 32. Ra7+ Kg6 33.
Re7 Ng5 34. Rd7 Nf7 35. Kd2 Ra6 36. Rb7 Ra2+ 37. Kd3 Rb2 38. Rb6 Kf6 39. Ke3
Ke6 40. c4 b4 41. Rb7 Ng5 42. Rg7 Rb3+ 43. Kd2 Nxe4+ 44. Kc2 0-1

[Event "Segeberger Schachfreunde-Schachfreunde "]
[Site "Bingen"]
[Date "2008.12.27"]
[Round "1.1"]
[White "Neukötter, Max"]
[Black "Marx, Joschka"]
[Result "1/2-1/2"]
[WhiteElo "1980"]
[BlackElo "1942"]
[PlyCount "88"]
[EventDate "2008.??.??"]

1. e4 c5 2. Nc3 a6 3. g3 b5 4. Bg2 Bb7 5. d3 e6 6. Nf3 d6 7. O-O Nf6 8. Be3 Nc6
9. Ne2 Be7 10. h3 O-O 11. Nd2 d5 12. exd5 Nxd5 13. Ne4 Nxe3 14. fxe3 Qc7 15.
Qe1 Nb4 16. Qd2 Rad8 17. a3 Nd5 18. N4c3 Bg5 19. Nxd5 Bxd5 20. Nf4 Bxg2 21.
Kxg2 e5 22. Ne2 Qc6+ 23. Kh2 Qh6 24. Qc3 Bxe3 25. Qxe5 Rde8 26. Qf5 Bd2 27. Rf2
Be3 28. Rff1 Qe6 29. Kg2 Bd2 30. Qxe6 Rxe6 31. Nf4 Bxf4 32. Rxf4 Rfe8 33. Raf1
f6 34. Rf5 Re5 35. g4 Re2+ 36. R1f2 R8e5 37. Rxe5 Rxe5 38. Rf5 Rxf5 39. gxf5 g5
40. fxg6 hxg6 41. Kf3 Kf7 42. h4 Ke6 43. Ke4 Kd6 44. b4 Kc6 1/2-1/2

[Event "Segeberger Schachfreunde-Schachfreunde "]
[Site "Bingen"]
[Date "2008.12.27"]
[Round "1.2"]
[White "Schwarzat, Julian"]
[Black "Hötte, Philipp"]
[Result "1/2-1/2"]
[WhiteElo "1951"]
[BlackElo "1725"]
[PlyCount "62"]
[EventDate "2008.??.??"]

1. e4 d6 2. d4 g6 3. c4 Bg7 4. Nc3 Nf6 5. Nf3 O-O 6. Be2 Nbd7 7. Bg5 h6 8. Be3
Ng4 9. O-O Nxe3 10. fxe3 e5 11. Qc2 c6 12. Rad1 Qb6 13. Na4 Qc7 14. Bd3 Nb6 15.
b4 Bg4 16. Be2 Bxf3 17. Bxf3 exd4 18. exd4 a5 19. c5 Nxa4 20. Qxa4 axb4 21.
Qxb4 dxc5 22. dxc5 Rxa2 23. Bg4 Rb2 24. Qc4 b5 25. cxb6 Qxb6+ 26. Kh1 Rb4 27.
Qe2 Re8 28. Qa2 Rbxe4 29. Qxf7+ Kh7 30. Rd7 Qb2 31. Rb7 Qd4 1/2-1/2

[Event "Segeberger Schachfreunde-Schachfreunde "]
[Site "Bingen"]
[Date "2008.12.27"]
[Round "1.3"]
[White "Neukötter, Moritz"]
[Black "Huhnstock, Rico"]
[Result "1/2-1/2"]
[WhiteElo "1685"]
[BlackElo "1876"]
[PlyCount "95"]
[EventDate "2008.??.??"]

1. e4 c5 2. Nc3 Nc6 3. g3 g6 4. Bg2 Bg7 5. d3 e6 6. Be3 Nd4 7. Qd2 Ne7 8. Nd1
d6 9. c3 Ndc6 10. Ne2 O-O 11. f4 b5 12. g4 f5 13. Nf2 Rb8 14. O-O Bb7 15. d4
cxd4 16. Nxd4 Nxd4 17. Bxd4 Bxd4 18. Qxd4 Nc6 19. Qd3 fxe4 20. Nxe4 d5 21. Nc5
Bc8 22. Rae1 Qd6 23. Nxe6 Rf6 24. Nd4 Nxd4 25. Qxd4 Bxg4 26. Qxd5+ Qxd5 27.
Bxd5+ Kf8 28. Bf3 Bh3 29. Bg2 Be6 30. b3 Rd8 31. Rd1 Rxd1 32. Rxd1 Rxf4 33.
Rd8+ Kg7 34. Rb8 Rf5 35. Rb7+ Kh6 36. Rxa7 Rc5 37. Re7 Bf5 38. Re3 Bb1 39. a3
Ba2 40. b4 Rf5 41. Bc6 Bb3 42. Rf3 Re5 43. Kf2 Bd1 44. Rd3 Bb3 45. Re3 Rh5 46.
h3 Rf5+ 47. Rf3 Re5 48. Re3 1/2-1/2

[Event "Segeberger Schachfreunde-Schachfreunde "]
[Site "Bingen"]
[Date "2008.12.27"]
[Round "1.4"]
[White "Marx, Inga"]
[Black "Bartholdus, Daniela"]
[Result "1-0"]
[WhiteElo "1579"]
[BlackElo "1298"]
[PlyCount "133"]
[EventDate "2008.??.??"]

1. e4 e6 2. d4 d5 3. e5 c5 4. c3 Qb6 5. Nf3 Nc6 6. Be2 cxd4 7. cxd4 Bb4+ 8. Nc3
Qc7 9. Qb3 a6 10. O-O Nge7 11. a3 Ba5 12. Bd3 Bd7 13. Bg5 Qb6 14. Qxb6 Bxb6 15.
Ne2 h6 16. Bxe7 Kxe7 17. Rac1 Rab8 18. b4 Ba7 19. b5 axb5 20. Bxb5 Na5 21. Rc7
Rhd8 22. Rb1 Rbc8 23. Rbc1 Rxc7 24. Rxc7 Bb6 25. Rxd7+ Rxd7 26. Bxd7 Kxd7 27.
Nc3 Nc4 28. a4 Ba5 29. Nb5 Bb4 30. Kf1 b6 31. Ne1 Nb2 32. Nc2 Be7 33. Nc3 f6
34. f4 g5 35. g3 gxf4 36. gxf4 f5 37. Ke2 Bh4 38. Nb4 Nc4 39. Nc2 Be7 40. Nb5
h5 41. Nc3 Kc6 42. Nb5 Nb2 43. Nc3 Kb7 44. Kd2 Ka6 45. Nb5 Nxa4 46. Nc7+ Ka5
47. Nxe6 b5 48. Ng7 Nb6 49. Nxf5 Bd8 50. Nd6 Nc4+ 51. Nxc4+ bxc4 52. Ne3 Kb5
53. Nxd5 Kc6 54. Ne3 h4 55. Nxc4 Kd7 56. d5 Ke8 57. Ke3 Ke7 58. f5 Ke8 59. Ke4
Ke7 60. f6+ Ke8 61. Kf5 Kf7 62. e6+ Ke8 63. d6 Kf8 64. e7+ Bxe7 65. fxe7+ Ke8
66. Ke6 h3 67. d7# 1-0

[Event "USG Chemnitz-SC Réti Heusweiler"]
[Site "Bingen"]
[Date "2008.12.27"]
[Round "1.1"]
[White "Sonnhalter, Stella"]
[Black "Oltmanns, Ingmar"]
[Result "1/2-1/2"]
[WhiteElo "1623"]
[BlackElo "1909"]
[PlyCount "97"]
[EventDate "2008.??.??"]

1. e4 c6 2. Nf3 d5 3. exd5 cxd5 4. Ne5 Nf6 5. d4 Nc6 6. Bb5 Qb6 7. c4 e6 8. Qa4
Bd7 9. Nxd7 Nxd7 10. O-O dxc4 11. Be3 Qc7 12. Nc3 Nb6 13. Bxc6+ bxc6 14. Qc2
Bd6 15. h3 O-O 16. Ne4 Be7 17. Nd2 Nd5 18. Nxc4 Bf6 19. Rac1 Rac8 20. Rfd1 Rfd8
21. Qa4 Nxe3 22. Nxe3 Qd7 23. d5 c5 24. Qc2 Bd4 25. dxe6 Qxe6 26. Nf5 Bxb2 27.
Re1 Qf6 28. Ne7+ Kh8 29. Nxc8 Bxc1 30. Qxc5 Bf4 31. Nxa7 g6 32. Qc6 Qd4 33. Nb5
Qd2 34. Qe4 Rc8 35. g3 Rc2 36. Rf1 Bxg3 37. Qf3 Be5 38. Qxf7 Qd8 39. Re1 Rc5
40. Nd4 Rc7 41. Ne6 Rxf7 42. Nxd8 Rf5 43. Nc6 Bd6 44. a4 Bc5 45. Re2 Rf6 46.
Ne5 Ra6 47. Ra2 Kg7 48. Kf1 Bd4 49. Nc4 1/2-1/2

[Event "USG Chemnitz-SC Réti Heusweiler"]
[Site "Bingen"]
[Date "2008.12.27"]
[Round "1.2"]
[White "Nguyen Minh, Thuy"]
[Black "Meiser, Michael"]
[Result "1-0"]
[WhiteElo "1841"]
[BlackElo "1568"]
[PlyCount "75"]
[EventDate "2008.??.??"]

1. e4 c5 2. Nf3 Nc6 3. d4 cxd4 4. Nxd4 g6 5. c4 Bg7 6. Be3 Nf6 7. Nc3 Ng4 8.
Qxg4 Nxd4 9. Qd1 Nc6 10. Qd2 O-O 11. Be2 d6 12. O-O Ne5 13. h3 b6 14. f4 Nd7
15. Rad1 Re8 16. f5 Bb7 17. Bh6 Nf6 18. Bxg7 Kxg7 19. Qf4 Qc7 20. Nd5 Bxd5 21.
exd5 Rac8 22. g4 Nd7 23. g5 f6 24. Kh2 Ne5 25. gxf6+ exf6 26. fxg6 Qe7 27. gxh7
Ng6 28. h8=Q+ Rxh8 29. Qg4 Rce8 30. Bd3 Qe5+ 31. Kg2 Qg5 32. Qxg5 fxg5 33. Bxg6
Kxg6 34. Rde1 Rxe1 35. Rxe1 Kf7 36. Re6 Rd8 37. Kg3 Rc8 38. b3 1-0

[Event "USG Chemnitz-SC Réti Heusweiler"]
[Site "Bingen"]
[Date "2008.12.27"]
[Round "1.4"]
[White "Jentzsch, Jakob"]
[Black "Wilhelm, Kevin"]
[Result "1/2-1/2"]
[WhiteElo "1528"]
[BlackElo "1303"]
[PlyCount "114"]
[EventDate "2008.??.??"]

1. e4 e6 2. d4 d5 3. exd5 exd5 4. c4 Be6 5. c5 Nc6 6. Nf3 g6 7. Bb5 Nge7 8. Ne5
Bd7 9. Bxc6 Nxc6 10. Nxc6 Bxc6 11. O-O Bd7 12. Qb3 Bc6 13. Re1+ Be7 14. Bg5 O-O
15. Rxe7 f6 16. Bxf6 Rxf6 17. Re5 Rf4 18. Qe3 Qf6 19. Nc3 Rf8 20. Rf1 b6 21.
Re6 Qg5 22. Rxc6 Rxf2 23. Qxf2 Rxf2 24. Rxf2 Qc1+ 25. Rf1 Qe3+ 26. Rf2 Qe1+ 27.
Rf1 Qe3+ 28. Kh1 Qxd4 29. cxb6 cxb6 30. Rc8+ Kg7 31. Rc7+ Kh6 32. Rxa7 b5 33.
Raf7 b4 34. Nd1 Qc4 35. b3 Qa6 36. R7f2 d4 37. Kg1 Qd3 38. Nb2 Qe3 39. Nc4 Qc3
40. Rd1 Kg5 41. Rfd2 h5 42. Rxd4 h4 43. R4d3 Qg7 44. Rd5+ Kh6 45. Ne3 Qa7 46.
R1d3 Qxa2 47. Ng4+ Kg7 48. Rd8 Kf7 49. R8d7+ Ke6 50. R7d6+ Ke7 51. Ne5 Qa1+ 52.
Kf2 Qxe5 53. Re3 Kxd6 54. Rxe5 Kxe5 55. Ke3 g5 56. h3 Kf5 57. Kf3 Ke5 1/2-1/2